| 000 | 01209nam a22003617a 4500 | ||
|---|---|---|---|
| 003 | CHAP | ||
| 005 | 20220817043239.0 | ||
| 008 | 971013s1989 r 00010 d | ||
| 010 | _a69516 | ||
| 011 | _a70488 | ||
| 035 | _a79969 | ||
| 040 | _cCHAP | ||
| 090 | _aFolleto 12312 | ||
| 100 | 0 | 0 |
_aRomo Lozano, José Luis. _999719 |
| 245 | 1 | _aProceso de capitalización contínua y discreta | |
| 260 |
_aChapingo, Méx. : _bUACH. División de Ciencias Forestales, _c1989 |
||
| 300 | _a26 p. | ||
| 490 |
_aSerie de apoyo académico _v; 37 |
||
| 500 | _a34-171 | ||
| 590 |
_aBATCH-UPD _b10 _c20130110 _lUCH01 _h1019 |
||
| 590 |
_aBATCH-UPD _b10 _c20130410 _lUCH01 _h0625 |
||
| 590 |
_aBATCH-UPD _b10 _c20130914 _lUCH01 _h1803 |
||
| 590 |
_aCONVERSION _b10 _c20130109 _lUCH01 _h1338 |
||
| 650 | 1 | 4 |
_aMatemáticas. _972901 |
| 700 | 0 |
_aZamudio Sánchez, Francisco José. _9123569 |
|
| 710 | 0 | _aUACH. División de Ciencias Forestales. | |
| 830 | 0 |
_aSerie de apoyo académico _v; 37 |
|
| 901 | _aBK | ||
| 942 | _cFOLL | ||
| 949 |
_aFolleto 12312 _bBC _cFOLL _d-32860 _eTS1 _i79969 _si |
||
| 949 |
_aFolleto 12312 _bBC _cFOLL _d-98713 _eTS2 _fc.2 _i79969 _si |
||
| 949 |
_aFolleto 12312 _bBC _cFOLL _d-98714 _eTS2 _fc.3 _i79969 _si |
||
| 999 |
_c69516 _d69516 |
||